Streer Patra And Other Stories/ (Record no. 68389)

MARC details
000 -LEADER
fixed length control field 01407nam a22002537a 4500
005 - DATE AND TIME OF LATEST TRANSACTION
control field 20120710152848.0
010 ## - LCCN (DPL NO)
LC control number B-462364-368
020 ## - INTERNATIONAL STANDARD BOOK NUMBER
International Standard Book Number 9788125040989
Terms of availability 295.00
035 ## - SYSTEM CONTROL NUMBER
System control number B-462364-368
037 ## - SOURCE OF ACQUISITION
Stock number dpl
Source of stock number/acquisition K.K.Pub/Ven
082 ## - DEWEY DECIMAL CLASSIFICATION NUMBER
Classification number S
100 ## - MAIN ENTRY--PERSONAL NAME
Personal name Tagore, Rabindranath
245 ## - TITLE STATEMENT
Title Streer Patra And Other Stories/
Statement of responsibility, etc by Rabindranath Tagore
260 ## - PUBLICATION, DISTRIBUTION, ETC. (IMPRINT)
Place of publication, distribution, etc New Delhi
Name of publisher, distributor, etc Orient Blackswan
Date of publication, distribution, etc 2010
270 ## - ADDRESS
Address 1/24 Asaf Ali Road
City New Delhi
300 ## - PHYSICAL DESCRIPTION
Extent 349p
Dimensions 22cm
942 ## - ADDED ENTRY ELEMENTS (KOHA)
Source of classification or shelving scheme Dewey Decimal Classification
Item type English Books
Classification part S
Call number suffix TAG
Holdings
Withdrawn status Lost status Not for loan Collection code Home library Current library Date acquired Source of acquisition Cost, normal purchase price Full call number Barcode Copy number Cost, replacement price Koha item type
  Written-off vide DLB M. No. 383 dt 16.05.19   Fiction Central Library Central Library 11/07/2012 K.K.Pub/1708/26.12.2011/25/18.01.2012/15.02.2012 295.00 S TAG B-462364 1 295.00 English Books
      Fiction Karol Bagh Karol Bagh 11/07/2012 K.K.Pub/1708/26.12.2011/25/18.01.2012/15.02.2012 295.00 S TAG B-462367 1 295.00 English Books
      Fiction Patel Nagar Patel Nagar 11/07/2012 K.K.Pub/1708/26.12.2011/25/18.01.2012/15.02.2012 295.00 S TAG B-462365 1 295.00 English Books
      Fiction Sarojini Nagar Sarojini Nagar 11/07/2012 K.K.Pub/1708/26.12.2011/25/18.01.2012/15.02.2012 295.00 S TAG B-462366 1 295.00 English Books
      Fiction Shahdara Branch Shahdara Branch 11/07/2012 K.K.Pub/1708/26.12.2011/25/18.01.2012/15.02.2012 295.00 S TAG B-462368 1 295.00 English Books

© Delhi Public Library
Hit Counter
free hit counter